General Knowledge # 27 - Statistics

General Stats
  • This quiz has been taken 39 times
  • The average score is 11 of 15
Answer Stats
Question Answer % Correct
Charles de Gaulle was president of which country from 1959 to 1969? France
100%
Gouda and Edam are Dutch varieties of which type of food? cheese
94%
Whale, Basking and Hammerhead are species of what type of fish? shark
94%
Which country’s rugby union team are nicknamed the All Blacks? New Zealand
92%
(I Can't Get No) Satisfaction was a number 1 hit for which band? The Rolling Stones
92%
Bratislava, Belgrade, Budapest and Vienna all lie on which river? Danube
86%
Medina is one of the holiest sites in which religion? Islam
83%
Who wrote the novels Martin Chuzzlewit and David Copperfield? Charles Dickens
81%
What has been the currency of Argentina since 1992? The Argentine Peso
81%
In which decade of the 20th century was the United Nations founded? 1940s (1945)
61%
A dragon features on the flag of which Asian country? Bhutan
53%
Which Irish poet and writer had the first names William Butler? W. B. Yeats
53%
Who won a Best Director Oscar for the 2006 film The Departed? Martin Scorsese
36%
What is the name of the bone that runs from the shoulder to the elbow? the humerus
28%
What do sumo wrestlers throw into the ring before a match? salt
25%
No matching quizzes found
Score Distribution
Percent of People with Each Score
Percentile by Number Answered
Your Score History
You have not taken this quiz